<?xml version="1.0" encoding="UTF-8"?>
<record
    xmlns:xsi="http://www.w3.org/2001/XMLSchema-instance"
    xsi:schemaLocation="http://www.loc.gov/MARC21/slim http://www.loc.gov/standards/marcxml/schema/MARC21slim.xsd"
    xmlns="http://www.loc.gov/MARC21/slim">

  <leader>00379nam a22001577a 4500</leader>
  <controlfield tag="003">OSt</controlfield>
  <controlfield tag="005">20220111145545.0</controlfield>
  <controlfield tag="008">220111b        |||||||| |||| 00| 0 eng d</controlfield>
  <datafield tag="020" ind1=" " ind2=" ">
    <subfield code="a">9789389441017</subfield>
  </datafield>
  <datafield tag="040" ind1=" " ind2=" ">
    <subfield code="a">HU</subfield>
    <subfield code="c">DDC</subfield>
  </datafield>
  <datafield tag="082" ind1=" " ind2=" ">
    <subfield code="a">370.71/THO</subfield>
  </datafield>
  <datafield tag="245" ind1=" " ind2=" ">
    <subfield code="a">COMMUNICATIVE ENGLISH SKILL-II</subfield>
  </datafield>
  <datafield tag="260" ind1=" " ind2=" ">
    <subfield code="a">ENGLAND</subfield>
    <subfield code="b">ARTA BOOKS</subfield>
    <subfield code="c">2020</subfield>
  </datafield>
  <datafield tag="300" ind1=" " ind2=" ">
    <subfield code="a">281P,20CM</subfield>
  </datafield>
  <datafield tag="942" ind1=" " ind2=" ">
    <subfield code="2">ddc</subfield>
    <subfield code="c">BOOKS</subfield>
    <subfield code="n">0</subfield>
  </datafield>
  <datafield tag="999" ind1=" " ind2=" ">
    <subfield code="c">26584</subfield>
    <subfield code="d">26584</subfield>
  </datafield>
  <datafield tag="952" ind1=" " ind2=" ">
    <subfield code="0">0</subfield>
    <subfield code="1">0</subfield>
    <subfield code="2">ddc</subfield>
    <subfield code="4">0</subfield>
    <subfield code="7">0</subfield>
    <subfield code="a">007</subfield>
    <subfield code="b">007</subfield>
    <subfield code="c">GEN</subfield>
    <subfield code="d">2022-01-11</subfield>
    <subfield code="l">0</subfield>
    <subfield code="o">370.71/THO</subfield>
    <subfield code="p">LGCLIB00006358</subfield>
    <subfield code="r">2022-01-11 00:00:00</subfield>
    <subfield code="t">C26</subfield>
    <subfield code="w">2022-01-11</subfield>
    <subfield code="y">BOOKS</subfield>
  </datafield>
  <datafield tag="952" ind1=" " ind2=" ">
    <subfield code="0">0</subfield>
    <subfield code="1">0</subfield>
    <subfield code="2">ddc</subfield>
    <subfield code="4">0</subfield>
    <subfield code="7">0</subfield>
    <subfield code="a">007</subfield>
    <subfield code="b">007</subfield>
    <subfield code="c">GEN</subfield>
    <subfield code="d">2022-01-11</subfield>
    <subfield code="l">0</subfield>
    <subfield code="o">370.71/THO</subfield>
    <subfield code="p">LGCLIB00006359</subfield>
    <subfield code="r">2022-01-11 00:00:00</subfield>
    <subfield code="t">C27</subfield>
    <subfield code="w">2022-01-11</subfield>
    <subfield code="y">BOOKS</subfield>
  </datafield>
  <datafield tag="952" ind1=" " ind2=" ">
    <subfield code="0">0</subfield>
    <subfield code="1">0</subfield>
    <subfield code="2">ddc</subfield>
    <subfield code="4">0</subfield>
    <subfield code="7">0</subfield>
    <subfield code="a">007</subfield>
    <subfield code="b">007</subfield>
    <subfield code="c">GEN</subfield>
    <subfield code="d">2022-01-11</subfield>
    <subfield code="l">0</subfield>
    <subfield code="o">370.71/THO</subfield>
    <subfield code="p">LGCLIB00006360</subfield>
    <subfield code="r">2022-01-11 00:00:00</subfield>
    <subfield code="t">C28</subfield>
    <subfield code="w">2022-01-11</subfield>
    <subfield code="y">BOOKS</subfield>
  </datafield>
  <datafield tag="952" ind1=" " ind2=" ">
    <subfield code="0">0</subfield>
    <subfield code="1">0</subfield>
    <subfield code="2">ddc</subfield>
    <subfield code="4">0</subfield>
    <subfield code="7">0</subfield>
    <subfield code="a">007</subfield>
    <subfield code="b">007</subfield>
    <subfield code="c">GEN</subfield>
    <subfield code="d">2022-01-11</subfield>
    <subfield code="l">0</subfield>
    <subfield code="o">370.71/THO</subfield>
    <subfield code="p">LGCLIB00006361</subfield>
    <subfield code="r">2022-01-11 00:00:00</subfield>
    <subfield code="t">C29</subfield>
    <subfield code="w">2022-01-11</subfield>
    <subfield code="y">BOOKS</subfield>
  </datafield>
  <datafield tag="952" ind1=" " ind2=" ">
    <subfield code="0">0</subfield>
    <subfield code="1">0</subfield>
    <subfield code="2">ddc</subfield>
    <subfield code="4">0</subfield>
    <subfield code="7">0</subfield>
    <subfield code="a">007</subfield>
    <subfield code="b">007</subfield>
    <subfield code="c">GEN</subfield>
    <subfield code="d">2022-01-11</subfield>
    <subfield code="l">0</subfield>
    <subfield code="o">370.71/THO</subfield>
    <subfield code="p">LGCLIB00006362</subfield>
    <subfield code="r">2022-01-11 00:00:00</subfield>
    <subfield code="t">C30</subfield>
    <subfield code="w">2022-01-11</subfield>
    <subfield code="y">BOOKS</subfield>
  </datafield>
  <datafield tag="952" ind1=" " ind2=" ">
    <subfield code="0">0</subfield>
    <subfield code="1">0</subfield>
    <subfield code="2">ddc</subfield>
    <subfield code="4">0</subfield>
    <subfield code="7">0</subfield>
    <subfield code="a">007</subfield>
    <subfield code="b">007</subfield>
    <subfield code="c">GEN</subfield>
    <subfield code="d">2022-01-11</subfield>
    <subfield code="l">0</subfield>
    <subfield code="o">370.71/THO</subfield>
    <subfield code="p">LGCLIB00006363</subfield>
    <subfield code="r">2022-01-11 00:00:00</subfield>
    <subfield code="t">C31</subfield>
    <subfield code="w">2022-01-11</subfield>
    <subfield code="y">BOOKS</subfield>
  </datafield>
  <datafield tag="952" ind1=" " ind2=" ">
    <subfield code="0">0</subfield>
    <subfield code="1">0</subfield>
    <subfield code="2">ddc</subfield>
    <subfield code="4">0</subfield>
    <subfield code="7">0</subfield>
    <subfield code="a">007</subfield>
    <subfield code="b">007</subfield>
    <subfield code="c">GEN</subfield>
    <subfield code="d">2022-01-11</subfield>
    <subfield code="l">0</subfield>
    <subfield code="o">370.71/THO</subfield>
    <subfield code="p">LGCLIB00006364</subfield>
    <subfield code="r">2022-01-11 00:00:00</subfield>
    <subfield code="t">C32</subfield>
    <subfield code="w">2022-01-11</subfield>
    <subfield code="y">BOOKS</subfield>
  </datafield>
  <datafield tag="952" ind1=" " ind2=" ">
    <subfield code="0">0</subfield>
    <subfield code="1">0</subfield>
    <subfield code="2">ddc</subfield>
    <subfield code="4">0</subfield>
    <subfield code="7">0</subfield>
    <subfield code="a">007</subfield>
    <subfield code="b">007</subfield>
    <subfield code="c">GEN</subfield>
    <subfield code="d">2022-01-11</subfield>
    <subfield code="l">0</subfield>
    <subfield code="o">370.71/THO</subfield>
    <subfield code="p">LGCLIB00006365</subfield>
    <subfield code="r">2022-01-11 00:00:00</subfield>
    <subfield code="t">C33</subfield>
    <subfield code="w">2022-01-11</subfield>
    <subfield code="y">BOOKS</subfield>
  </datafield>
  <datafield tag="952" ind1=" " ind2=" ">
    <subfield code="0">0</subfield>
    <subfield code="1">0</subfield>
    <subfield code="2">ddc</subfield>
    <subfield code="4">0</subfield>
    <subfield code="7">0</subfield>
    <subfield code="a">007</subfield>
    <subfield code="b">007</subfield>
    <subfield code="c">GEN</subfield>
    <subfield code="d">2022-01-11</subfield>
    <subfield code="l">0</subfield>
    <subfield code="o">370.71/THO</subfield>
    <subfield code="p">LGCLIB00006366</subfield>
    <subfield code="r">2022-01-11 00:00:00</subfield>
    <subfield code="t">C34</subfield>
    <subfield code="w">2022-01-11</subfield>
    <subfield code="y">BOOKS</subfield>
  </datafield>
  <datafield tag="952" ind1=" " ind2=" ">
    <subfield code="0">0</subfield>
    <subfield code="1">0</subfield>
    <subfield code="2">ddc</subfield>
    <subfield code="4">0</subfield>
    <subfield code="7">0</subfield>
    <subfield code="a">007</subfield>
    <subfield code="b">007</subfield>
    <subfield code="c">GEN</subfield>
    <subfield code="d">2022-01-11</subfield>
    <subfield code="l">0</subfield>
    <subfield code="o">370.71/THO</subfield>
    <subfield code="p">LGCLIB00006367</subfield>
    <subfield code="r">2022-01-11 00:00:00</subfield>
    <subfield code="t">C35</subfield>
    <subfield code="w">2022-01-11</subfield>
    <subfield code="y">BOOKS</subfield>
  </datafield>
  <datafield tag="952" ind1=" " ind2=" ">
    <subfield code="0">0</subfield>
    <subfield code="1">0</subfield>
    <subfield code="2">ddc</subfield>
    <subfield code="4">0</subfield>
    <subfield code="7">0</subfield>
    <subfield code="a">007</subfield>
    <subfield code="b">007</subfield>
    <subfield code="c">GEN</subfield>
    <subfield code="d">2022-01-11</subfield>
    <subfield code="l">0</subfield>
    <subfield code="o">370.71/THO</subfield>
    <subfield code="p">LGCLIB00006368</subfield>
    <subfield code="r">2022-01-11 00:00:00</subfield>
    <subfield code="t">C36</subfield>
    <subfield code="w">2022-01-11</subfield>
    <subfield code="y">BOOKS</subfield>
  </datafield>
  <datafield tag="952" ind1=" " ind2=" ">
    <subfield code="0">0</subfield>
    <subfield code="1">0</subfield>
    <subfield code="2">ddc</subfield>
    <subfield code="4">0</subfield>
    <subfield code="7">0</subfield>
    <subfield code="a">007</subfield>
    <subfield code="b">007</subfield>
    <subfield code="c">GEN</subfield>
    <subfield code="d">2022-01-11</subfield>
    <subfield code="l">0</subfield>
    <subfield code="o">370.71/THO</subfield>
    <subfield code="p">LGCLIB00006369</subfield>
    <subfield code="r">2022-01-11 00:00:00</subfield>
    <subfield code="t">C37</subfield>
    <subfield code="w">2022-01-11</subfield>
    <subfield code="y">BOOKS</subfield>
  </datafield>
  <datafield tag="952" ind1=" " ind2=" ">
    <subfield code="0">0</subfield>
    <subfield code="1">0</subfield>
    <subfield code="2">ddc</subfield>
    <subfield code="4">0</subfield>
    <subfield code="7">0</subfield>
    <subfield code="a">007</subfield>
    <subfield code="b">007</subfield>
    <subfield code="c">GEN</subfield>
    <subfield code="d">2022-01-11</subfield>
    <subfield code="l">0</subfield>
    <subfield code="o">370.71/THO</subfield>
    <subfield code="p">LGCLIB00006370</subfield>
    <subfield code="r">2022-01-11 00:00:00</subfield>
    <subfield code="t">C38</subfield>
    <subfield code="w">2022-01-11</subfield>
    <subfield code="y">BOOKS</subfield>
  </datafield>
  <datafield tag="952" ind1=" " ind2=" ">
    <subfield code="0">0</subfield>
    <subfield code="1">0</subfield>
    <subfield code="2">ddc</subfield>
    <subfield code="4">0</subfield>
    <subfield code="7">0</subfield>
    <subfield code="a">007</subfield>
    <subfield code="b">007</subfield>
    <subfield code="c">GEN</subfield>
    <subfield code="d">2022-01-11</subfield>
    <subfield code="l">0</subfield>
    <subfield code="o">370.71/THO</subfield>
    <subfield code="p">LGCLIB00006371</subfield>
    <subfield code="r">2022-01-11 00:00:00</subfield>
    <subfield code="t">C39</subfield>
    <subfield code="w">2022-01-11</subfield>
    <subfield code="y">BOOKS</subfield>
  </datafield>
  <datafield tag="952" ind1=" " ind2=" ">
    <subfield code="0">0</subfield>
    <subfield code="1">0</subfield>
    <subfield code="2">ddc</subfield>
    <subfield code="4">0</subfield>
    <subfield code="7">0</subfield>
    <subfield code="a">007</subfield>
    <subfield code="b">007</subfield>
    <subfield code="c">GEN</subfield>
    <subfield code="d">2022-01-11</subfield>
    <subfield code="l">0</subfield>
    <subfield code="o">370.71/THO</subfield>
    <subfield code="p">LGCLIB00006372</subfield>
    <subfield code="r">2022-01-11 00:00:00</subfield>
    <subfield code="t">C40</subfield>
    <subfield code="w">2022-01-11</subfield>
    <subfield code="y">BOOKS</subfield>
  </datafield>
</record>
